000 00567 a2200169 4500
003 Nust
005 20170207154024.0
040 _cNust
100 _aBazian, Menachem
245 _aUsing Visual FoxPro 6
_cMenachem Bazian
250 _aSpecial Edition Using Visual FoxPro 6
260 _aSams Publishing
_c2000
300 _a696 p
505 _a Introduction (Page-1), Working With Data (Page-99), Creating A GUI (Page-307), Object Oriented Programming (Page-419), COM (Page-675), Other Visual Foxpro Topics (Page-748)
650 _aVisual FoxPro 6
651 _aE-BOOK
942 _2ddc
_cBK
999 _c191828
_d191828